header

Microbial ecology of the oceans (Record no. 149211)

MARC details
000 -LEADER
fixed length control field 01344nam a2200361 a 4500
082 04 - DEWEY DECIMAL CLASSIFICATION NUMBER
Classification number 579/.177
245 00 - TITLE STATEMENT
Title Microbial ecology of the oceans
250 ## - EDITION STATEMENT
Edition statement 2nd ed., Thoroughly rev.
260 ## - PUBLICATION, DISTRIBUTION, ETC. (IMPRINT)
Place of publication Hoboken, N.J. :
Name of publisher Wiley-Blackwell,
Year of publication c2008.
300 ## - PHYSICAL DESCRIPTION
Number of Pages xviii, 593 p. :
Other physical details ill. (some col.).
650 #0 - SUBJECT ADDED ENTRY--TOPICAL TERM
Topical Term Marine microbiology.
Topical Term Marine ecology.
Topical Term Carbon cycle (Biogeochemistry)
700 1# - ADDED ENTRY--PERSONAL NAME
Personal name Kirchman, David L.
856 40 - ELECTRONIC LOCATION AND ACCESS
Uniform Resource Identifier http://site.ebrary.com/lib/rucke/Doc?id=10249094

No items available.

© 2026 Rongo University
Contact us: librarian | system librarian | Rongo university